000 00648nam a22001815i 4500
001 157885
003 ES-MaACL
005 20250809035514.0
008 990305s1850 sp |||| | spa d
080 _a344.1(460)"18"
100 1 _aLlorente, Manuel.
_9129019
245 1 0 _aProyecto de Código penal militar de España /
_cpor el mariscal de campo Manuel Llorente.
260 _aMadrid :
_b[s.n.],
_c1850 (
_fImp. de Repullés)
300 _a67 p. ;
_c19 cm.
650 7 _aDerecho penal militar
_2embne
_9135896
852 4 _aES-MaACL
_jT-141-F-4
_z- Enc. hol., falto de cub. original
_z- Enc. en un vol. facticio
999 _c157885
_d157885